| 000 -LEADER |
| fixed length control field |
01931mam a22004334a 4500 |
| 001 - CONTROL NUMBER |
| control field |
2546090 |
| 003 - CONTROL NUMBER IDENTIFIER |
| control field |
OSt |
| 005 - DATE AND TIME OF LATEST TRANSACTION |
| control field |
20210920163609.0 |
| 008 - FIXED-LENGTH DATA ELEMENTS--GENERAL INFORMATION |
| fixed length control field |
991014s2000 njua b 001 0 eng |
| 010 ## - LIBRARY OF CONGRESS CONTROL NUMBER |
| LC control number |
99053236 |
| 015 ## - NATIONAL BIBLIOGRAPHY NUMBER |
| National bibliography number |
GBA0-24544 |
| 020 ## - INTERNATIONAL STANDARD BOOK NUMBER |
| International Standard Book Number |
9788120342132 |
| 035 ## - SYSTEM CONTROL NUMBER |
| System control number |
(OCoLC)ocm42720023 |
| 035 ## - SYSTEM CONTROL NUMBER |
| System control number |
(NNC)2546090 |
| 038 ## - RECORD CONTENT LICENSOR |
| Staff Name |
khadija |
| 040 ## - CATALOGING SOURCE |
| Original cataloging agency |
DLC |
| Transcribing agency |
DLC |
| Modifying agency |
C#P |
| -- |
UKM |
| -- |
OrLoB-B |
| 042 ## - AUTHENTICATION CODE |
| Authentication code |
pcc |
| 050 00 - LIBRARY OF CONGRESS CALL NUMBER |
| Classification number |
TA340 |
| Item number |
.M5 2011 |
| 082 00 - DEWEY DECIMAL CLASSIFICATION NUMBER |
| Classification number |
519.2 |
| Edition number |
21 |
| Author Mark |
JOH |
| 100 1# - MAIN ENTRY--PERSONAL NAME |
| Personal name |
Miller, Irwin, & Richard A. Johnson |
| Dates associated with a name |
1928- |
| 9 (RLIN) |
82544 |
| 240 10 - UNIFORM TITLE |
| Uniform title |
Probability and statistics for engineers |
| 245 10 - TITLE STATEMENT |
| Title |
Probability and statistics for engineers / |
| Statement of responsibility, etc. |
Richard A. Johnson. |
| 246 3# - VARYING FORM OF TITLE |
| Title proper/short title |
Miller and Freund's probability and statistics for engineers |
| 250 ## - EDITION STATEMENT |
| Edition statement |
8th ed. |
| 260 ## - PUBLICATION, DISTRIBUTION, ETC. |
| Place of publication, distribution, etc. |
Upper Saddle River, NJ : |
| Name of publisher, distributor, etc. |
Prentice Hall, |
| Date of publication, distribution, etc. |
c2011. |
| 300 ## - PHYSICAL DESCRIPTION |
| Extent |
xii, 622 p. : |
| Other physical details |
ill. ; |
| Dimensions |
24 cm. + |
| 500 ## - GENERAL NOTE |
| General note |
Disk contains data for use with the exercises in the text. |
| 504 ## - BIBLIOGRAPHY, ETC. NOTE |
| Bibliography, etc. note |
Includes bibliographical references (p. [562]-563) and index. |
| 505 00 - FORMATTED CONTENTS NOTE |
| Miscellaneous information |
1. |
| Title |
Introduction -- |
| Miscellaneous information |
2. |
| Title |
Treatment of Data -- |
| Miscellaneous information |
3. |
| Title |
Probability -- |
| Miscellaneous information |
4. |
| Title |
Probability Distributions -- |
| Miscellaneous information |
5. |
| Title |
Probability Densities -- |
| Miscellaneous information |
6. |
| Title |
Sampling Distribution -- |
| Miscellaneous information |
7. |
| Title |
Inferences Concerning Means -- |
| Miscellaneous information |
8. |
| Title |
Inferences Concerning Variances -- |
| Miscellaneous information |
9. |
| Title |
Inferences Concerning Proportions -- |
| Miscellaneous information |
10. |
| Title |
Nonparametric Tests -- |
| Miscellaneous information |
11. |
| Title |
Curve Fitting -- |
| Miscellaneous information |
12. |
| Title |
Analysis of Variance -- |
| Miscellaneous information |
13. |
| Title |
Factorial Experimentation -- |
| Miscellaneous information |
14. |
| Title |
The Statistical Content of Quality-Improvement Programs -- |
| Miscellaneous information |
15. |
| Title |
Applications to Reliability and Life Testing. |
| 563 ## - BINDING INFORMATION |
| Binding note |
p.b |
| 650 #0 - SUBJECT ADDED ENTRY--TOPICAL TERM |
| Topical term or geographic name entry element |
Engineering |
| General subdivision |
Statistical methods. |
| 9 (RLIN) |
129 |
| 650 #0 - SUBJECT ADDED ENTRY--TOPICAL TERM |
| Topical term or geographic name entry element |
Probabilities. |
| 9 (RLIN) |
79 |
| 650 #4 - SUBJECT ADDED ENTRY--TOPICAL TERM |
| Topical term or geographic name entry element |
Probabilities. |
| 9 (RLIN) |
79 |
| 650 #4 - SUBJECT ADDED ENTRY--TOPICAL TERM |
| Topical term or geographic name entry element |
Engineering |
| General subdivision |
Statistical methods. |
| 9 (RLIN) |
129 |
| 700 1# - ADDED ENTRY--PERSONAL NAME |
| Personal name |
Freund, John E. |
| 9 (RLIN) |
34553 |
| 700 1# - ADDED ENTRY--PERSONAL NAME |
| Personal name |
Johnson, Richard A. |
| Fuller form of name |
(Richard Arnold), |
| Dates associated with a name |
1937- |
| 9 (RLIN) |
26729 |
| 900 ## - EQUIVALENCE OR CROSS-REFERENCE-PERSONAL NAME [LOCAL, CANADA] |
| Numeration |
TOC |
| 942 ## - ADDED ENTRY ELEMENTS (KOHA) |
| Source of classification or shelving scheme |
|
| Koha item type |
Book |